00618nam a2200193Ia 4500952013100000999001700131003000400148005001700152008004100169020001800210040000900228082002200237100002600259245003600285260003200321300000800353650001300361942005000374 00102ddc40708SSaMESbMEScMALd2019-02-20g40.00l0o894.812301 NAR/Ap31879r2019-02-20 00:00:00w2019-02-20yBKzGR30R3 c29196d29196OSt20210108142643.0190216s9999||||xx |||||||||||||| ||und|| a9788171301751 coclc a894.812301bNAR/A aNarendranath, P98159 0aAmmayute Umma /cP Narendranath bDc Books,aKottayam:c2006. a84p aKathakal cBK2ddch894.812301iNAR/Ak894.812301mNAR/A